| 000 | 00408pam a2200169 a 4500 | ||
|---|---|---|---|
| 020 | _c | ||
| 041 | _aeng | ||
| 082 |
_a616 _bCHE |
||
| 100 | _aChesney, D N. | ||
| 245 |
_aX-Ray Equipment for Student Radiographers _hTextual Documents |
||
| 250 | _a3rd ed. | ||
| 260 |
_aNew Delhi _bCBS Publishers & Distributors _c1987 |
||
| 300 | _a644. | ||
| 653 | _aDiseases | ||
| 700 | _aChesney, M O. | ||
| 930 | _a1509 | ||
| 999 |
_c74800 _d74800 |
||